Tratamientos alternativos discrecionales previstos en las normas internacionales de información financiera (NIIF) (Registro nro. 12201)

Detalles MARC
000 -LEADER
fixed length control field 00514 a2200157 4500
001 - CONTROL NUMBER
control field ART_40738
005 - DATE AND TIME OF LATEST TRANSACTION
control field 20260410161628.0
008 - FIXED-LENGTH DATA ELEMENTS--GENERAL INFORMATION
fixed length control field 260409a
100 1# - MAIN ENTRY--PERSONAL NAME
Personal name Werbin, Eliana M.
245 10 - TITLE STATEMENT
Title Tratamientos alternativos discrecionales previstos en las normas internacionales de información financiera (NIIF)
700 1# - ADDED ENTRY--PERSONAL NAME
Personal name Quadro, Martín E.
700 1# - ADDED ENTRY--PERSONAL NAME
Personal name Bertoldi, Norma
700 1# - ADDED ENTRY--PERSONAL NAME
Personal name Priotto, Hugo C.
700 1# - ADDED ENTRY--PERSONAL NAME
Personal name Veteri, Liliana J.
773 0# - HOST ITEM ENTRY
Title Enfoques
Related parts - Nº 10 (oct. 2016)
Record control number REV416

No hay ítems disponibles.